Business Statistics and Operations Research I (Record no. 191438)

MARC details
000 -LEADER
fixed length control field 00501nam a2200205Ia 4500
008 - FIXED-LENGTH DATA ELEMENTS--GENERAL INFORMATION
fixed length control field 240823s9999||||xx |||||||||||||| ||und||
020 ## - INTERNATIONAL STANDARD BOOK NUMBER
International Standard Book Number 81-8209-085-7
082 ## - DEWEY DECIMAL CLASSIFICATION NUMBER
-- 311.2 P5
100 ## - MAIN ENTRY--PERSONAL NAME
Personal name Rajagopalan S P
245 #0 - TITLE STATEMENT
Title Business Statistics and Operations Research I
250 ## - EDITION STATEMENT
Edition statement 1st
260 ## - PUBLICATION, DISTRIBUTION, ETC. (IMPRINT)
Date of publication, distribution, etc 2005
Name of publisher, distributor, etc Vijay N
500 ## - GENERAL NOTE
General note YES
650 ## - SUBJECT ADDED ENTRY--TOPICAL TERM
Topical term or geographic name as entry element Business Statistics
700 ## - ADDED ENTRY--PERSONAL NAME
Personal name Sttanathan R
942 ## - ADDED ENTRY ELEMENTS (KOHA)
Item type Books
Holdings
Withdrawn status Lost status Damaged status Permanent location Current location Shelving location Date acquired Source of acquisition Cost, normal purchase price Full call number Barcode Date last seen Koha item type
      CENTRAL LIBRARY, NOORUL ISLAM CENTRE FOR HIGHER EDUCATION CENTRAL LIBRARY, NOORUL ISLAM CENTRE FOR HIGHER EDUCATION   07/11/2012 Higginbothams Private Ltd 120.00 311.2 P5 43559 08/23/2024 Books
Visitors:
Copyright © 2024 Central Library NICHE.  All rights reserved.